Statystyki dla King Bruce Lee Karate Mistrz Tekst

Kliknij tutaj aby rozwiązać quiz!

Ogólne statystyki

  • Ten quiz został rozwiązany 234 razy
  • Średni wynik to 26 z 32

Statystyki odpowiedzi

Tekst% Poprawnych
Ja jestem {King Bruce Lee Karate Mistrz}
97%
Ja jestem {King Bruce Lee Karate Mistrz}
97%
Ja jestem {King Bruce Lee Karate Mistrz}
97%
Ja jestem {King Bruce Lee Karate Mistrz}
97%
Już Ci mówiłem, {mała}, nie rycz
97%
"{King Bruce Lee Karate Mistrz}"
97%
{King Bruce Lee Karate Mistrz}
97%
{King Bruce Lee Karate Mistrz}
97%
{King Bruce Lee Karate Mistrz}
97%
Nie rycz, {mała}, nie rycz
97%
Nie rycz, {mała}, nie rycz
97%
Z napisem "{King Bruce Lee Karate Mistrz}"
97%
Z napisem "{King Bruce Lee Karate Mistrz}"
97%
Z napisem "{King Bruce Lee Karate Mistrz}"
97%
Twoje {łzy} lecą mi na koszulę
95%
Twoje {łzy} lecą mi na koszulę
95%
Twoje {łzy} lecą mi na koszulę
95%
Ja znam te wasze {numery}
93%
Ja znam te wasze {numery}
93%
I {małolaty} spod opieki taty
87%
Wyciągam {damy} spod opieki mamy
86%
Ja w klubie disco mogę {robić} {wszystko}
80%
Na {bramce} stoję, nikogo się nie boję
80%
Mam w sobie dzikość żółtej {pantery}
69%
Gdy trzeba będzie Ciebie {obronię}
64%
Znam parę {chwytów} - ciałem zasłonię
60%
Po dobrej {wódzie} lepszy jestem w dżudzie
48%
{Ciosy} Karate ćwiczyłem z bratem
45%
W tej dyskotece nie ma {frajera}
40%
{Reanimacja} nawet nie pomoże
31%
Co by {podskoczył} lub ze mną zadzierał
29%
Gdy ja {dołożę}, wtedy nie daj Boże
29%

Rozkład punktacji

Percentyl według liczby udzielonych odpowiedzi

Procent ludzi z każdym wynikiem

Twoja historia wyników

Nie rozwiązałeś tego quizu